Suomen rautatieliikennepaikat - Statistics

Yleistilastot
  • Tätä visaa on pelattu 484 kertaa
    355 viimeisimmän päivityksen jälkeen
  • Keskiarvotulos 120 / 475
Vastaustilastot
Liikennepaikka % Oikein
Helsinki
86%
Turku
80%
Oulu
77%
Tampere
74%
Pori
70%
Kera
69%
Kouvola
67%
Espoo
66%
Lahti
66%
Tikkurila
66%
Hämeenlinna
65%
Ii
65%
Kerava
65%
Joensuu
64%
Jyväskylä
64%
Riihimäki
64%
Vaasa
64%
Kotka
63%
Lappeenranta
63%
Kuopio
62%
Rovaniemi
62%
Kemi
61%
Rauma
61%
Salo
61%
Seinäjoki
61%
Hanko
59%
Kirkkonummi
59%
Kokkola
59%
Hyvinkää
57%
Imatra
57%
Kajaani
57%
Kolari
56%
Kemijärvi
55%
Mikkeli
54%
Pieksämäki
54%
Tornio
54%
Alavus
53%
Iisalmi
53%
Järvenpää
53%
Nokia
53%
Toijala
52%
Savonlinna
51%
Jämsä
50%
Karjaa
50%
Lempäälä
50%
Lohja
50%
Parkano
49%
Suonenjoki
48%
Ähtäri
47%
Hamina
47%
Porvoo
47%
Varkaus
47%
Lapua
46%
Malmi
46%
Mäntsälä
46%
Orivesi
46%
Parikkala
46%
Siilinjärvi
46%
Ylivieska
46%
Kitee
44%
Nurmes
44%
Heinola
43%
Inkoo
43%
Joutseno
43%
Kempele
43%
Keuruu
43%
Leppävaara
43%
Lieksa
43%
Loimaa
43%
Pietarsaari
43%
Siuntio
43%
Ainola
42%
Humppila
42%
Kauhava
42%
Kauniainen
41%
Naantali
41%
Oulainen
41%
Raahe
41%
Äänekoski
40%
Kannus
40%
Kilo
40%
Koivu
40%
Kokemäki
40%
Korso
40%
Tammisaari
40%
Uusikaupunki
40%
Pello
39%
Aviapolis
38%
Lapinlahti
38%
Viiala
38%
Muhos
37%
Paimio
37%
Ylitornio
37%
Ylöjärvi
37%
Haapajärvi
36%
Harjavalta
36%
Huopalahti
36%
Jokela
36%
Lentoasema
36%
Liminka
36%
Luumäki
36%
Mäntyharju
36%
Raisio
36%
Simo
36%
Utajärvi
36%
Pukinmäki
35%
Tervola
35%
Vammala
35%
Hankasalmi
34%
Härmä
34%
Kesälahti
34%
Punkaharju
34%
Savio
34%
Vaala
34%
Eno
33%
Heinävesi
33%
Kausala
33%
Kiuruvesi
33%
Koivukylä
33%
Kontiolahti
33%
Muurame
33%
Myyrmäki
33%
Nastola
33%
Nivala
33%
Paltamo
33%
Puistola
33%
Urjala
33%
Haapamäki
32%
Iittala
32%
Inkeroinen
32%
Laihia
32%
Leinelä
32%
Myllykoski
32%
Turenki
32%
Vilppula
32%
Karkku
31%
Kymi
31%
Mänttä
31%
Parola
31%
Tuuri
31%
Vainikkala
31%
Henna
30%
Kauhajoki
30%
Kivistö
30%
Koria
30%
Misi
30%
Petäjävesi
30%
Ryttylä
30%
Saari
30%
Tesoma
30%
Dragsvik
29%
Haarajoki
29%
Hausjärvi
29%
Ilomantsi
29%
Kaskinen
29%
Kontiomäki
29%
Malminkartano
29%
Martinlaakso
29%
Masala
29%
Nakkila
29%
Orimattila
29%
Pännäinen
29%
Pitäjänmäki
29%
Rekola
29%
Simpele
29%
Sukeva
29%
Vihanti
29%
Eläinpuisto-Zoo
28%
Haukipudas
28%
Järvelä
28%
Kangas
28%
Laukaa
28%
Tapanila
28%
Haukivuori
27%
Isokyrö
27%
Mommila
27%
Pohjois-Haaga
27%
Valkeakoski
27%
Jalasjärvi
26%
Juupajoki
26%
Kannelmäki
26%
Koivuhovi
26%
Kuusankoski
26%
Nikkilä
26%
Peräseinäjoki
26%
Piikkiö
26%
Ruukki
26%
Tervajoki
26%
Tolsa
26%
Valimo
26%
Vantaankoski
26%
Viinijärvi
26%
Vuosaari
26%
Joroinen
25%
Jorvas
25%
Lielahti
25%
Lievestuore
25%
Louhela
25%
Pihtipudas
25%
Rautjärvi
25%
Kauklahti
24%
Kerimäki
24%
Lappohja
24%
Herrala
23%
Hikiä
23%
Mynämäki
23%
Tavastila
23%
Uusikylä
23%
Vehkala
23%
Äetsä
22%
Jämsänkoski
22%
Kyminlinna
22%
Kyrö
22%
Lauritsala
22%
Mäkkylä
22%
Muurola
22%
Myllymäki
22%
Närpiö
22%
Orivesi keskusta
22%
Pihlajavesi
22%
Rajamäki
22%
Retretti
22%
Saarijärvi
22%
Taavetti
22%
Tuomarila
22%
Uimaharju
22%
Vartius
22%
Vuokatti
22%
Harju
21%
Kolho
21%
Nummela
21%
Pyhäsalmi
21%
Rantasalmi
21%
Sköldvik
21%
Suolahti
21%
Tohmajärvi
21%
Ylistaro
21%
Höljäkkä
20%
Kaipiainen
20%
Lapinjärvi
20%
Lappila
20%
Sievi
20%
Villähde
20%
Arola
19%
Dynamiittivaihde
19%
Hammaslahti
19%
Hyrynsalmi
19%
Jepua
19%
Kivesjärvi
19%
Koskenkorva
19%
Kruunupyy
19%
Laurila
19%
Lusto
19%
Maaria
19%
Mäntyluoto
19%
Niirala
19%
Olli
19%
Otava
19%
Ristiina
19%
Sääksjärvi
19%
Santala
19%
Talvivaara
19%
Teuva
19%
Tuupovaara
19%
Utti
19%
Valtimo
19%
Vierumäki
19%
Vihtari
19%
Kalvitsa
18%
Kiukainen
18%
Madesjärvi
18%
Otanmäki
18%
Rauha
18%
Runni
18%
Skogby
18%
Alapitkä
17%
Ervelä
17%
Hakosilta
17%
Hanala
17%
Haviseva
17%
Huutokoski
17%
Juankoski
17%
Juurikorpi
17%
Kälviä
17%
Kannonkoski
17%
Kirkniemi
17%
Kuurila
17%
Palopuro
17%
Ruha
17%
Vuohijärvi
17%
Alholma
16%
Ämmänsaari
16%
Asola
16%
Eskola
16%
Hiirola
16%
Hillosensalmi
16%
Hinthaara
16%
Kohtavaara
16%
Kovjoki
16%
Kurkimäki
16%
Kylänlahti
16%
Leppäkoski
16%
Loviisan satama
16%
Mustio
16%
Niinisalo
16%
Pesiökylä
16%
Pohjankuru
16%
Pulsa
16%
Riippa
16%
Ristijärvi
16%
Ruusumäki
16%
Selänpää
16%
Sipilä
16%
Siuro
16%
Tahkoluoto
16%
Tapavainola
16%
Tornio-Itäinen
16%
Törölä
16%
Vuonislahti
16%
Ylämylly
16%
Airaksela
15%
Aittaluoto
15%
Haapakoski
15%
Ilola
15%
Karhejärvi
15%
Kolppi
15%
Korvensuo
15%
Lakiala
15%
Mattila
15%
Murtomäki
15%
Myllyoja
15%
Poikkeus
15%
Syrjä
15%
Vasikkahaka
15%
Vaskiluoto
15%
Vinnilä
15%
Heinävaara
14%
Kaipola
14%
Kuivasjärvi
14%
Maanselkä
14%
Mynttilä
14%
Niinimäki
14%
Onttola
14%
Pohjois-Louko
14%
Puhos
14%
Rautaruukki
14%
Sammalisto
14%
Saunamäki
14%
Syrjämäki
14%
Talviainen
14%
Tommola
14%
Vanattara
14%
Vihtavuori
14%
Virkamies
14%
Ahvenus
13%
Harviala
13%
Kiiala
13%
Korkeakoski
13%
Länkipohja
13%
Larvakytö
13%
Lautiosaari
13%
Majajärvi
13%
Mukkula
13%
Muukko
13%
Pankakoski
13%
Pyhäkumpu
13%
Sänkimäki
13%
Sieppijärvi
13%
Suoniemi
13%
Toivala
13%
Ypykkävaara
13%
Ahonpää
12%
Haapamäen kyllästämö
12%
Haksi
12%
Heikkilä
12%
Imatrankoski-raja
12%
Inha
12%
Kaleton
12%
Kalkku
12%
Kalliovarasto
12%
Kaulinranta
12%
Kekomäki
12%
Kinni
12%
Kommila
12%
Laajavuori
12%
Lahdenperä
12%
Lahnaslampi
12%
Leteensuo
12%
Markkala
12%
Naarajärvi
12%
Niirala-raja
12%
Patokangas
12%
Peltosalmi
12%
Röyttä
12%
Saakoski
12%
Sorsasalo
12%
Torkkeli
12%
Tuomioja
12%
Vaajakoski
12%
Vainikkala-raja
12%
Vartius-raja
12%
Venetmäki
12%
Vuojoki
12%
Ykspihlaja
12%
Ylivalli
12%
Ajos
11%
Hyrkäs
11%
Iisalmen teollisuusraiteet
11%
Jutila
11%
Köykkäri
11%
Lieksan teollisuuskylä
11%
Mankala
11%
Metsäkansa
11%
Niemenpää
11%
Pyhäkumpu erkanemisvaihde
11%
Raippo
11%
Sisättö
11%
Sysmäjärvi
11%
Vuonos
11%
Kaitjärvi
10%
Kattilaharju
10%
Keitelepohja
10%
Kilpua
10%
Loukolampi
10%
Matkaneva
10%
Poiksilta
10%
Ratikylä
10%
Säkäniemi
10%
Tikkala
10%
Vaarala
10%
Hangonsaari
9%
Heinoo
9%
Hirvineva
9%
Karviainen
9%
Kinahmi
9%
Kirjola
9%
Komu
9%
Lamminkoski
9%
Lelkola
9%
Liminpuro
9%
Luikonlahti
9%
Melalahti
9%
Mustolan satama
9%
Niinimaa
9%
Ohenmäki
9%
Pikkarala
9%
Pitkämäki
9%
Rasinsuo
9%
Rautpohja
9%
Vesanka
9%
Viekki
9%
Voltti
9%
Hanhikoski
8%
Karhukangas
8%
Kauppilanmäki
8%
Riijärvi
8%
Salminen
8%
Taipale
8%
Lamminniemi
7%
Niska
7%
Rajaperkiö
7%
Rauhalahti
7%
Siikamäki
7%
Tikkaperä
7%
Vahojärvi
7%
Valkeasuo
7%
Lapinneva
6%
Myllykangas
6%
Soinlahti
6%
Törmä
6%
Lohiluoma
5%
Niittylahti
5%
Pitkäkallio
5%
Raunio
5%
Yläkoski
4%
Ehtoja vastaavia visoja ei löytynyt
Tulosjakauma
Jokaisen tuloksen saaneiden osuus
Persentiili vastausten määrän mukaan
Tuloshistoriasi
Et ole pelannut tätä visaa sen viimeisimmän päivityksen jälkeen